Vista normal Vista MARC

Entrada Corporate Name

Número de registros utilizados en: 1

001 - CONTROL NUMBER

  • control field: 36081

003 - CONTROL NUMBER IDENTIFIER

  • control field: OSt

005 - DATE AND TIME OF LATEST TRANSACTION

  • control field: 20210315110045.0

008 - FIXED-LENGTH DATA ELEMENTS

  • fixed length control field: 210315|| aca||aabn | a|a d

040 ## - CATALOGING SOURCE

  • Original cataloging agency: OSt
  • Transcribing agency: OSt

110 ## - HEADING--CORPORATE NAME

  • Corporate name or jurisdiction name as entry element: Ospinas y Cia S.A

670 ## - SOURCE DATA FOUND

  • Source citation: Work cat.: (OSt): Ospinas y Cia S.A. autor , Crónica de una empresa 1932 - 1995 / , 1995